00551nam a2200157Ia 450000500170000000800410001708200130005810000160007124500620008726000490014930000120019850000670021094200060027795200950028399900150037820250702024735.0240331s9999 xx 000 0 und d bPATa370 aPathirana,C 0aLamayin pasal herayama hewath adyapanaya lamayin harayama aRajagiriyabDemocratic Rights Movementc1987 a60 p ., aChildren dropping out of School or Education Child Abandonment cL 001040708LaWERCLbWERCLcSSCd2024-03-31l0o 370 PATp3395r2024-03-31w2024-03-31yL c5117d5117